Mobbing na pracovisku

Pojem mobbing, prejavy mobbingu na pracovisku.

Guardado en:
Detalles Bibliográficos
Autor principal: Skorková, Zuzana, 1979-
Formato: Capítulo de libro
Lenguaje:eslovaco
Materias:
Etiquetas: Agregar Etiqueta
Sin Etiquetas, Sea el primero en etiquetar este registro!

MARC

LEADER 00000nla a2200000 4500
001 0161675
005 20240502072814.1
041 0 |a slo 
044 |a SK 
245 1 0 |a Mobbing na pracovisku  |c Zuzana Skorková 
520 |a Pojem mobbing, prejavy mobbingu na pracovisku. 
610 2 0 |a mobbing 
100 1 |a Skorková, Zuzana, 1979-